Estadísticas para Plantilla Real Madrid Baloncesto 2022/23

Haz click aquí para intentar la prueba.

Estadísticas generales

  • Esta prueba ha sido intentada 104 veces
  • La puntuación promedio es 12 de 17

Estadísticas de respuestas

PosiciónJugador% Correcto
Base-EscoltaSergio Llull
98%
AleroRudy Fernández
96%
PivotWalter Tavares
93%
BaseSergio Rodríguez
88%
Ala-PívotGuerschon Yabusele
80%
AleroMario Hezonja
80%
AleroDzanan Musa
78%
PivotVincent Poirier
76%
AleroGabriel Deck
70%
AleroAlberto Abalde
66%
BaseCarlos Alocén
66%
EscoltaFabien Causeur
64%
Ala-PívotNdiaye
58%
BaseNigel Williams-Goss
51%
AleroAdam Hanga
44%
Ala-PívotAnthony Randolph
44%
Ala-PívotPetr Cornelie
34%

Distribución de puntuación

Porcentaje por número respondido

Porcentaje de gente con cada puntuación

Historial de tus puntuaciones

No has intentado esta prueba.